000 00261nam a2200097Ia 4500
082 _a362.19681009 TAYL
245 0 _aMy stroke of insight
100 _a TAYLOR, Jill Bolte London, 2009
_974332
942 _cBK
008 210817s9999 xx 000 0 und d
999 _c244653
_d244652